Abecedário da Xuxa - Letras - Statistics

Estatísticas Gerais
  • Esse quiz foi jogado 217 vezes
  • A pontuação média é 17 de 26
Estatísticas das Respostas
Letra Palavra % Correto
A Amor
99%
B Baixinho
97%
C Coração
97%
X Xuxa
83%
E Escola
80%
H Humano
77%
F Feijão
73%
G Gente
73%
I Igualdade
72%
J Juventude
70%
O Obrigado
67%
L Liberdade
65%
S Saudade
65%
N Natureza
64%
D Docinho
62%
V Vitória
61%
P Proteção
60%
Q Quero-quero
60%
M Molecagem
58%
R Riacho
56%
U Universo
55%
Z Zum-zum-zum
55%
T Terra
51%
K Não tem
23%
W Não tem
23%
Y Não tem
23%
Nenhum quiz correspondente encontrado
Distribuição das Pontuações
Porcentagem de Pessoas com Cada Pontuação
Percentil de Números Respondidos
Sua Pontuação Histórica
Você não jogou esse quiz